Vākyapadīyam / (Record no. 77293)

MARC details
000 -LEADER
fixed length control field 00948cam a2200229 a 4500
001 - CONTROL NUMBER
control field sa 68000555
003 - CONTROL NUMBER IDENTIFIER
control field DLC
005 - DATE AND TIME OF LATEST TRANSACTION
control field 20260227112425.0
008 - FIXED-LENGTH DATA ELEMENTS--GENERAL INFORMATION
fixed length control field 990324m19809999ii 000 0 san
010 ## - LIBRARY OF CONGRESS CONTROL NUMBER
LC control number sa 68000555
040 ## - CATALOGING SOURCE
Original cataloging agency DLC
Transcribing agency WaU
Modifying agency DLC
050 00 - LIBRARY OF CONGRESS CALL NUMBER
Classification number PK541
Item number .B48 1963a
100 0# - MAIN ENTRY--PERSONAL NAME
Personal name Bhartr̥hari
245 10 - TITLE STATEMENT
Title Vākyapadīyam /
Statement of responsibility, etc. Śrīraghunāthaśarmaṇā viracitayā ; Ambākartrīsamākhyayā vyākhyayāsahitam ; Ko. A. Subrahmaṇya-Ayyara-likhitopoddhātasamalaṅkr̥tam.
260 ## - PUBLICATION, DISTRIBUTION, ETC.
Place of publication, distribution, etc. Vārāṇasyām :
Name of publisher, distributor, etc. Director, Research Institute, Varanaseya Sanskrit Vishwavidyalaya,
Date of publication, distribution, etc. 1885-<1919 > [1963-<1997 >
300 ## - PHYSICAL DESCRIPTION
Extent v. <1-3; 3 in 2 > ;
Dimensions 25 cm.
440 #0 - SERIES STATEMENT/ADDED ENTRY--TITLE
Title Sarasvatībhavana-granthamālā ;
Volume/sequential designation 91
500 ## - GENERAL NOTE
General note In Sanskrit.
505 1# - FORMATTED CONTENTS NOTE
Formatted contents note 1. Brahmakāṇaḍam -- 2. Vākykāṇḍam.- 3. (pt. i-ii) Padakāṇḍa
650 #0 - SUBJECT ADDED ENTRY--TOPICAL TERM
Topical term or geographic name entry element Sanskrit language
General subdivision Grammar.
700 12 - ADDED ENTRY--PERSONAL NAME
Personal name Śarmā, Raghunātha,
Dates associated with a name 1901-1989.
Title of a work Ambākartrī.

No items available.

Powered by Koha